• 首页
  • 本馆介绍
  • 公告通知
  • 最新文献
  • 馆藏检索
  • 电子资源
  • 读者导购
  • 参考咨询
  • 我的图书馆
  • 登录
  • 详细信息显示
  • 放入我的书架
  • 预约/预借图书
  • 作者相关作品
  • 分类相关作品
  • 丛书相关作品
  • 出版社相关作品

书目信息

  • 表格格式
  • 工作单格式
  • 卡片格式
题名:
武昌起义档案资料选编
    
 
作者: 湖北省博物馆 , 武汉市档案馆 编
分册: 下卷  
出版信息: 长沙   湖北人民出版社  1983.3
页数: 655
开本: 21cm
丛书名:
单 册:
中图分类: K257.4
科图分类:
主题词: 中国--历史--1840~1949
电子资源:
ISBN:
000 00602nam0 2200205 45
001 0181011157
005 20060720110736.00
010    @dCNY2.52
091    @a11106.155
100    @a20810111d km y0chiy0120 ea
101 0  @achi
200 1  @AWu Chang Qi Yi Dang An Zi Liao Xuan Bian@Fhu@a武昌起义档案资料选编@h下卷@f湖北省博物馆,武汉市档案馆编
210    @a长沙@c湖北人民出版社@d1983.3
215    @a655@d21cm
606 0  @a中国@x历史@z1840~1949
690    @aK257.4
701 0  @a湖北省博物馆@4编
701 0  @a武汉市档案馆@4编
801    @aCN@bTSTC@c20060720
905    @dK257.4@f1@b200308@e28:3
    
    武昌起义档案资料选编.下卷/湖北省博物馆,武汉市档案馆编.-长沙:湖北人民出版社,1983.3
    655;21cm
    
    
    ISBN :CNY2.52
    
●
相关链接 在E读中查询图书 在五车中查询图书 在当当中查询图书 在豆瓣中查询图书


正题名:武昌起义档案资料选编     索取号:K257.4/28:3         预约/预借

序号 登录号 条形码 馆藏地/架位号 状态 备注
1 0200308   001292434   第二借阅区/ [索取号:K257.4/28:3] 在馆    
2 0200309   001292489   第二样本阅览室/ [索取号:K257.4/28:3] 在馆    
3 0435391   204353911   密集书库/ [索取号:K257.4/28:3] 在馆    
4 0435392   204353920   密集书库/ [索取号:K257.4/28:3] 在馆    
唐山师范学院图书馆 欢迎您!
大连网信软件有限公司© 版权所有